| 000 | 01034nam a22003137a 4500 | ||
|---|---|---|---|
| 003 | CHAP | ||
| 005 | 20220329135112.0 | ||
| 008 | 971013s1944 r 00010 d | ||
| 010 | _a30949 | ||
| 011 | _a31921 | ||
| 035 | _a36033 | ||
| 040 | _cCHAP | ||
| 090 | _aTesis | ||
| 100 | 0 | 0 |
_aNavarro Aguirre, Francisco. _980533 |
| 245 | _aTúnel "El Mirador" del canal principal en el Distrito de Riego del Valsequillo, Pue. | ||
| 260 |
_aChapingo, Méx. : _bEl autor, _c1944 |
||
| 300 |
_a43 p. _b: ilus. |
||
| 502 | _aTesis (Ing. Agr. Esp. en Irrigación) -- ENA. Departamento de Irrigación | ||
| 590 |
_aALEPH _b10 _c20130110 _lUCH01 _h1252 |
||
| 590 |
_aBATCH-UPD _b10 _c20130110 _lUCH01 _h2130 |
||
| 590 |
_aCONVERSION _b10 _c20130109 _lUCH01 _h1318 |
||
| 650 | 1 | 4 |
_aCanales _xPuebla. _918268 |
| 650 | 1 | 4 |
_aDistrito de Riego Valsequillo, Pue. _932954 |
| 901 | _aBK | ||
| 942 | _cFOLL | ||
| 949 |
_bBC _cTES _d-83111 _eTS1 _i36033 _si |
||
| 949 |
_bBC _cTES _d-83112 _eTS2 _fc.2 _i36033 _si |
||
| 949 |
_bBC _cTES _d-83113 _eTS2 _fc.3 _i36033 _si |
||
| 999 |
_c30949 _d30949 |
||